00930nam a2200289 i 450000500170000000800410001702000150005804000350007304100080010808200190011610000390013524500620017425000260023626400280026230000250029033600270031533700330034233800280037549000270040350000210043050400410045165000330049265000560052565000320058194200120061399900150062520220317000219.0100420s2013 ck 0 sgr s spa d a958614416X aCO-BoRNBPbspacCO-BoRNBPerda0 aspa04a306.872bR64p11 aRojas de González, Nellyeautora13aLa parejabcómo vivir juntoscNelly Rojas de González aDuodécima edición 1aBogotábPlanetac2013 a254 páginasc22 cm atextobtxt2rdacontent asin mediaciónbn2rdamedia avolumenbnc2rdacarrier0 aColección Respuestas aIncluye índice aIncluye referencias bibliográficas17aPsicología de pareja2LEMB17aRelaciones de pareja2LEMBxAspectos Psicológicos17aRelaciones de familia2LEMB 2ddccBK c3421d3421